Szewcy /

Uloženo v:
Podrobná bibliografie
Hlavní autor: Witkiewicz, Stanisław Ignacy (1885-1939)
Korporativní autor: Wydawnictwo Greg
Další autoři: Rzehak, Wojciech (1967- ), Siudak, Jacek
Médium: Text
Jazyk:polština
Vydáno: Kraków : "Greg", b.r..
Edice:Lektura (Greg)
Témata:
Tagy: Přidat tag
Žádné tagy, Buďte první, kdo vytvoří štítek k tomuto záznamu!

MARC

LEADER 00000aa #a2200000#i#4500
001 9914988497605606
005 20260515140226.0
008 181215n pl pol
020 |a 8388435957 
035 |a 329620-48omnis_network 
035 |a (PL)b0001520019990 
040 |a BML  |c BML 
041 0 |a pol 
080 |a PD 
090 |c 63  |d 62 
100 1 |a Witkiewicz, Stanisław Ignacy  |d (1885-1939) 
245 1 0 |a Szewcy /  |c Stanisław Ignacy Witkiewicz ; oprac. Wojciech Rzehak ; [il. Jacek Siudak]. 
260 |a Kraków :  |b "Greg",  |c b.r.. 
300 |a 95 s. :  |b il. ;  |c 20 cm. 
490 |a Lektura : wydanie z opracowaniem 
500 |a Notatki na marginesie. Cytaty, które warto znać. Streszczenie. 
650 7 |a Lektura szkolna 
700 1 |a Rzehak, Wojciech  |d (1967- ) 
700 1 |a Siudak, Jacek 
710 2 |a Wydawnictwo Greg 
830 0 |a Lektura (Greg) 
920 |a 83-88435-95-7 
942 |c K 
952 |0 0  |1 0  |4 0  |6 R__41_000000000000000  |7 0  |9 61  |a RYT  |b RYT  |d 2026-03-17  |e 1/2026  |g 10.00  |l 0  |o R.41  |p 2000000000411  |r 2026-05-15 14:02:26  |w 2026-05-15  |y BK  |z da 
999 |c 61  |d 61